| 000 | 00538nam a22001817a 4500 | ||
|---|---|---|---|
| 005 | 20240704155102.0 | ||
| 010 | _aENG-140791 | ||
| 020 |
_a9789380930473 _c995.00 |
||
| 035 | _aEN-124323 | ||
| 037 | _bDBAD | ||
| 082 | _a658.31125 | ||
| 100 |
_aGupta,Rajat _968160 |
||
| 245 |
_aSoft Skills: Tools for Success / _cby Rajat Gupta |
||
| 260 |
_aJaipur _bYking Books _c2012 |
||
| 270 |
_aG-13, S.S. Tower Dhamani Street, Choura Rasta, _bJaipur _e302003 |
||
| 300 |
_a296p. _c22cm(Hb) |
||
| 942 |
_2ddc _cEN _h658.31125 _mGUP |
||
| 999 |
_c201397 _d201397 |
||